A Parallelization of Instance Methods of a .NET Application That Search for Required Structured Data Stored in a Skip List
Salvato in:
| Autore principale: | |
|---|---|
| Natura: | Capitolo di libro |
| Lingua: | inglese |
| Soggetti: | |
| Tags: |
Nessun Tag, puoi essere il primo ad aggiungerne!!
|
MARC
| LEADER | 00000naa$a2200000$$$4500 | ||
|---|---|---|---|
| 001 | 0281087 | ||
| 005 | 20240502083902.7 | ||
| 041 | 0 | |a eng | |
| 044 | |a BY | ||
| 245 | 1 | 0 | |a A Parallelization of Instance Methods of a .NET Application That Search for Required Structured Data Stored in a Skip List |c Igor Košťál |
| 500 | |a Abstrakt | ||
| 610 | 2 | 0 | |a programovanie |
| 610 | 2 | 0 | |a výskum |
| 610 | 2 | 0 | |a dáta |
| 610 | 2 | 0 | |a aplikácie mobilné |
| 100 | 1 | |a Košťál, Igor, 1962- | |